Clintonova taktika priniesla víťazstvo Americký prezident dosiahol ratifikáciu dohody NAFTA

Prijatie dohody o voľnom obchode s Mexikom a Kanadou vo Washingtone. Význam colnej zmluvy pre USA vo vývoji hospodárskych vzťahov.

Guardado en:
Detalles Bibliográficos
Autor principal: Sotník, Alexander
Formato: Capítulo de libro
Lenguaje:eslovaco
Materias:
Etiquetas: Agregar Etiqueta
Sin Etiquetas, Sea el primero en etiquetar este registro!

MARC

LEADER 00000naa a2200000 4500
001 r000285
005 20221213113930.3
041 0 |a slo 
044 |a SK 
245 1 0 |a Clintonova taktika priniesla víťazstvo  |b Americký prezident dosiahol ratifikáciu dohody NAFTA  |c Alexander Sotník 
520 |a Prijatie dohody o voľnom obchode s Mexikom a Kanadou vo Washingtone. Význam colnej zmluvy pre USA vo vývoji hospodárskych vzťahov. 
610 2 0 |a dohody colné 
610 2 0 |a oblasti obchodu voľného 
610 2 0 |a NAFTA 
610 2 0 |a Mexiko 
610 2 0 |a Kanada 
610 2 0 |a USA 
610 2 0 |a politika obchodná 
100 1 |a Sotník, Alexander